| 000 | 02099cam a2200541 4500 | ||
|---|---|---|---|
| 001 | 21434 | ||
| 003 | VRT | ||
| 005 | 20260302110630.0 | ||
| 008 | 210906s2020 xo af ar 000 j slo | ||
| 015 | _aSNBA2021/06 | ||
| 020 |
_a9788055175263 _q(viazané) |
||
| 035 | _aurn:nbn:sk:snk-am00fgs8 | ||
| 035 | _aurn:nbn:sk:snk-am3iv4t | ||
| 035 | _aA4D0D43E-0DB9-4CE2-9AF9-8DA7D0E9C116 | ||
| 039 | 9 |
_a202207041322 _bmsnk167 _c202109061613 _dVLOAD _c202108271616 _dVLOAD _c202106171630 _dmsnk167 |
|
| 040 |
_aZKSE _bslo _cZKSE _dSNK _erda |
||
| 041 | 1 |
_aslo _hger |
|
| 044 |
_axo _cSK |
||
| 072 | 7 |
_a821.112.2-3 _xNemecká próza, nemecky písaná _2konspekt |
|
| 072 | 7 |
_a821-93 _xLiteratúra pre deti a mládež (beletria) _2konspekt |
|
| 080 |
_a821.112.2-34 _22011 |
||
| 080 |
_a82-93-053.4/.5 _22011 |
||
| 100 | 1 |
_aAmft, Diana, _d1975- _4aut |
|
| 240 | 1 | 4 |
_aDie kleine Spinne Widerlich. Wundervolle Winterzeit _lSlovensky |
| 245 | 1 | 0 |
_aPavúčik Zlatúšik _pČarovná zima _cDiana Amftová ; ilustrovala Martina Matosová ; preložila Jana H. Hoffstädter |
| 246 | 3 | 0 | _aČarovná zima |
| 250 | _aPrvé vydanie | ||
| 264 | 1 |
_aBratislava _bIkar, a.s. - Stonožka _c2020 |
|
| 300 |
_a24 nečíslovaných strán _bfarebné ilustrácie, farebné ilustrované listy _c24 cm |
||
| 336 |
_atext _btxt _2rdacontent |
||
| 336 |
_astatický obraz _bsti _2rdacontent |
||
| 337 |
_abez média _bn _2rdamedia |
||
| 338 |
_azväzok _bnc _2rdacarrier |
||
| 500 | _aObsahuje biografické údaje o autorke a ilustrátorke | ||
| 500 | _aPreložené z nemčiny | ||
| 521 | 8 | _aPre deti od 3 rokov | |
| 655 | 7 |
_anemecké rozprávky _2SNKPH |
|
| 655 | 7 |
_aliteratúra pre deti _2SNKPH |
|
| 655 | 7 |
_aGerman fairy tales _2SNKPHeng |
|
| 655 | 7 |
_aChildren's literature _2SNKPHeng |
|
| 700 | 1 |
_aMatos, Martina, _d1978- _4ill |
|
| 700 | 1 |
_aHoffstädter, Jana H., _d1980- _4trl |
|
| 787 | 0 | 8 |
_iZo série: _tPavúčik zlatúšik _g7 |
| 910 | _asnk | ||
| 942 |
_2ddc _cKLDE _n0 |
||
| 949 |
_617A1449275 _asnkSC 191647 D1 _bsnk2021/367 _o2100/2020 |
||
| 949 |
_617A1449274 _asnkSC 191647 _bsnk2021/366 _o2100/2020 _s6100:20210504 |
||
| 999 |
_c21434 _d21434 |
||